| 000 | 00429nam a2200145Ia 4500 | ||
|---|---|---|---|
| 008 | 230917s9999||||xx |||||||||||||| ||und|| | ||
| 040 |
_e248538 _aMAIN |
||
| 041 | _aEnglish | ||
| 082 | _a891.433721 AK13K | ||
| 100 | _aकुलदीप | ||
| 245 | 0 | _aअमरकान्त के उपन्यासों में निरुपित युगबोध | |
| 260 | _c2017 | ||
| 300 | _a297 पृ. p. | ||
| 942 | _cTH | ||
| 999 |
_c127810 _d127810 |
||